000 00933nam a22003257a 4500
001 BR0903785
003 BR-BrBNA
005 20230928103041.0
007 ta
008 230509b bl.||||| |||| 00| 0 por d
040 _aBR-BrBNA
_bpor
_cBiblioteca Nacional de Agricultura
041 _a(Por)
072 _aL02
_b5500
090 _ 5500 BR0903785
100 1 _aLima, L.M.S.
110 1 _aUniversidade Federal de Lavras, MG (Brasil)
_0Tese (Mestrado)
245 1 _aExtrato de levedura (Saccharomyces cerevisiae)em dietas para gatos adultos
260 3 _aLavras, MG (Brasil):
_c2008.
300 _a87 p.
500 _aSummaries (Eng, Por); Several bibliography; 37 tables
650 _aGATO
650 _aDIETA
650 _aSACCHAROMYCES CEREVISIAE
650 _aLEVEDO
650 _aEXTRATO
650 _aDIGESTIBILIDADE
650 _aMODELO MATEMÁTICO
909 _a202309
_bLucia
_c55
_dLucia Elande
942 _cBK
999 _c73502
_d73502